000 00462nam a2200181Ia 4500
001 16833
005 20260306170340.0
008 260306t2021||||xx |||||||||||||| ||und||
041 _aESP
082 _a657.01218
_bE333
100 _aEffio Pereda, Fernando Walter
_eAUT
245 0 _aContabilización de subsidios del Gobierno:
_bNIC 20
260 _c2021
300 _a62 páginas :
_c24 cm.
650 _aGEN
654 _aCCO
942 _cLIB
_dJUS
_fJUS
_2ddc
_n
999 _c16833
_d16833